Statistics for 1990s Popular Catch Phrases Quiz

Click here to take the quiz!

General Stats

  • This quiz has been taken 134,655 times
  • The average score is 11 of 15

Answer Stats

Catchphrase % Correct
Talk to the {hand}
98%
Don't even go {there}
94%
Take a {chill} pill
94%
Ooohh... that's gotta {hurt}
92%
Show me the {money}
90%
{Whoomp}, there it is
83%
You go {girl}
74%
It's all {about} the Benjamins
73%
Raise the {roof}
72%
{Check} {yourself} before you wreck yourself
71%
Its on like {Donkey} {Kong}
70%
Don't have a {cow}, man
62%
All that and a {bag} {of} {chips}
51%
No {soup} for you
46%
Homey don't {play} that
40%

Score Distribution

Percentile by Number Answered

Percent of People with Each Score

Your Score History

You have not taken this quiz